Linux, Apache, MySQL a PHP instalace a konfigurace prostředí pro pokročilé webové aplikace

Salvato in:
Dettagli Bibliografici
Autore principale: Rosebrock, Eric
Altri autori: Filson, Eric, Voráček, Karel
Natura: Libro
Lingua:ceco
Pubblicazione: Praha GRADA Publishing 2005
Serie:Průvodce
Soggetti:
Tags: Aggiungi Tag
Nessun Tag, puoi essere il primo ad aggiungerne!!

MARC

LEADER 00000nam$a2200000$$$4500
001 0035355
005 20240315114533.2
020 |a 80-247-1260-1 
041 0 |a cze 
044 |a CZ 
245 1 0 |a Linux, Apache, MySQL a PHP  |b instalace a konfigurace prostředí pro pokročilé webové aplikace  |c Eric Rosebrock, Eric Filson ; přeložil: Karel Voráček 
264 1 |a Praha  |b GRADA Publishing  |c 2005 
300 |a 344 s. 
490 1 |a Průvodce 
830 0 |a Průvodce 
610 2 0 |a internet 
610 2 0 |a siete počítačové 
610 2 0 |a programy počítačové 
610 2 0 |a servery 
610 2 0 |a jazyky programovacie 
610 2 0 |a pošta elektronická 
610 2 0 |a LAMP 
100 1 |a Rosebrock, Eric 
700 1 |a Filson, Eric 
700 1 |a Voráček, Karel